000 00262nam a2200097Ia 4500
001 1191675
005 20250827021639.0
008 250824s9999 xx 000 0 und d
245 0 _aYEDİLERİN GİZEMİ •E5 ¨294
_cAGATHA CHRISTIE
260 _bALTIN YAYINLARI
999 _c1191675
_d1191675